[Event "Mitropa Cup 33rd"]
[Site "Ruzomberok"]
[Date "2014.05.27"]
[Round "5.4"]
[White "Gloor, Roger"]
[Black "Gazik, Viktor"]
[Result "1-0"]
[WhiteElo "2357"]
[BlackElo "2176"]
[PlyCount "117"]
[EventDate "2014.05.23"]
[EventType "team-tourn"]
[EventRounds "9"]
[EventCountry "SVK"]
[Source "ChessBase"]
[SourceDate "2014.07.01"]
[WhiteTeam "Switzerland"]
[BlackTeam "Slovakia II"]
[WhiteTeamCountry "SUI"]
[BlackTeamCountry "SVK"]

1. Nf3 Nf6 2. g3 g6 3. b3 Bg7 4. Bb2 d6 5. d4 Nbd7 6. Bg2 c5 7. c4 O-O 8. O-O
Rb8 9. Nc3 a6 10. Rc1 b6 11. a4 Bb7 12. Qc2 Bxf3 13. Bxf3 cxd4 14. Na2 e5 15.
Nb4 Nc5 16. Nc6 Qd7 17. Nxb8 Rxb8 18. Bg2 a5 19. Rcd1 Ng4 20. h3 Nh6 21. e3
dxe3 22. fxe3 Nf5 23. Qf2 Bh6 24. Rfe1 Qe7 25. g4 Ng7 26. Rd5 Nxb3 27. Red1 Ne8
28. h4 Nc5 29. g5 Bg7 30. Ba3 h6 31. Qg3 hxg5 32. hxg5 Bf8 33. R5d2 Rd8 34. Bd5
Nc7 35. Bxc5 bxc5 36. Rb2 Ne6 37. Rb7 Rd7 38. Rdb1 Kg7 39. Kh2 Rc7 40. R1b2 Nd8
41. Rxc7 Qxc7 42. Qf2 Kh7 43. Qh4+ Kg8 44. Qe4 Kg7 45. Rf2 Qb6 46. Qf3 Be7 47.
Bxf7 Qb1 48. Bd5 Qe1 49. Qg3 Qd1 50. Qh4 Qh5 51. Qxh5 gxh5 52. Rb2 Bxg5 53. Rb5
Bxe3 54. Rxa5 Kg6 55. Ra8 Bg5 56. a5 Kf5 57. a6 e4 58. Rb8 e3 59. Rb2 1-0

[Event "Mitropa Cup 33rd"]
[Site "Ruzomberok"]
[Date "2014.05.24"]
[Round "2.1"]
[White "Gazik, Viktor"]
[Black "Jarmula, Lukasz"]
[Result "0-1"]
[WhiteElo "2176"]
[BlackElo "2256"]
[PlyCount "106"]
[EventDate "2014.05.23"]
[EventType "team-tourn"]
[EventRounds "9"]
[EventCountry "SVK"]
[Source "ChessBase"]
[SourceDate "2014.07.01"]
[WhiteTeam "Slovakia II"]
[BlackTeam "Poland"]
[WhiteTeamCountry "SVK"]
[BlackTeamCountry "POL"]

1. e4 c5 2. Nf3 Nc6 3. d4 cxd4 4. Nxd4 Nf6 5. Nc3 e5 6. Ndb5 d6 7. Bg5 a6 8.
Na3 b5 9. Nd5 Be7 10. Bxf6 Bxf6 11. c3 O-O 12. Nc2 Bg5 13. a4 bxa4 14. Rxa4 a5
15. Bc4 Bd7 16. Ra2 a4 17. Bb5 Nb4 18. Ndxb4 Bxb5 19. Na3 Bd7 20. Nc4 Be6 21.
Nd5 f5 22. Rxa4 Rxa4 23. Qxa4 fxe4 24. Nce3 Bxe3 25. Nxe3 Qb6 26. O-O d5 27.
Nc2 d4 28. Qb4 Qxb4 29. Nxb4 d3 30. Rd1 Bb3 31. Rd2 Ra8 32. g3 Ra1+ 33. Kg2 Rd1
34. Rxd1 Bxd1 35. Nd5 Bf3+ 36. Kf1 d2 37. Ne3 d1=Q+ 38. Nxd1 Bxd1 39. Ke1 Bb3
40. Kd2 Kf7 41. Ke3 Bd5 42. c4 Bxc4 43. Kxe4 Ke6 44. f4 Bd5+ 45. Ke3 Kf5 46.
fxe5 Kxe5 47. Kd3 Kf5 48. Kd4 Bg2 49. b4 Kg4 50. Ke5 Kh3 51. Ke6 Kxh2 52. Kf7
Kxg3 53. Kxg7 h5 0-1

[Event "Mitropa Cup 33rd"]
[Site "Ruzomberok"]
[Date "2014.05.25"]
[Round "3.5"]
[White "Nguyen, Thai Dai Van"]
[Black "Gazik, Viktor"]
[Result "1-0"]
[WhiteElo "2239"]
[BlackElo "2176"]
[PlyCount "59"]
[EventDate "2014.05.23"]
[EventType "team-tourn"]
[EventRounds "9"]
[EventCountry "SVK"]
[Source "ChessBase"]
[SourceDate "2014.07.01"]
[WhiteTeam "Czech Republic"]
[BlackTeam "Slovakia II"]
[WhiteTeamCountry "CZE"]
[BlackTeamCountry "SVK"]

1. e4 c5 2. Nf3 d6 3. Bb5+ Nd7 4. O-O a6 5. Bd3 Ngf6 6. c3 b5 7. Bc2 Bb7 8. Re1
c4 9. a4 Nc5 10. axb5 axb5 11. Rxa8 Bxa8 12. d3 Qb8 13. dxc4 bxc4 14. Na3 Nfxe4
15. Nxc4 Qa7 16. Be3 Qa6 17. Bxc5 Qxc4 18. Bxe4 Bxe4 19. Nd2 Qd5 20. c4 Bc2 21.
Qxc2 Qxc5 22. Qa4+ Kd8 23. Nb3 Qc8 24. Ra1 e6 25. Qa5+ Ke7 26. Qg5+ Ke8 27. Ra7
d5 28. Qf4 Be7 29. c5 Bf6 30. Qa4+ 1-0

[Event "Mitropa Cup (Women) 11th"]
[Site "Ruzomberok"]
[Date "2014.05.25"]
[Round "3.1"]
[White "Dudas, Eszter"]
[Black "Wozniak, Mariola"]
[Result "0-1"]
[WhiteElo "2227"]
[BlackElo "2092"]
[PlyCount "160"]
[EventDate "2014.05.23"]
[EventType "team-tourn"]
[EventRounds "9"]
[EventCountry "SVK"]
[Source "ChessBase"]
[SourceDate "2014.07.01"]
[WhiteTeam "Hungary (W)"]
[BlackTeam "Poland (W)"]
[WhiteTeamCountry "HUN"]
[BlackTeamCountry "POL"]

1. e4 c5 2. c3 Nf6 3. e5 Nd5 4. d4 cxd4 5. Nf3 e6 6. cxd4 d6 7. Bc4 Nc6 8. O-O
Be7 9. Bd2 O-O 10. Nc3 Nxc3 11. Bxc3 dxe5 12. dxe5 b6 13. Qe2 Bb7 14. Rfd1 Qc7
15. Rac1 Rfd8 16. Bd3 Rac8 17. Bd2 Qb8 18. Ng5 Qxe5 19. Qh5 Bxg5 20. Bxh7+ Kf8
21. Qxg5 Qxg5 22. Bxg5 Rxd1+ 23. Rxd1 g6 24. Bf6 Nb4 25. h4 Nd5 26. Bd4 Nf4 27.
Be5 Nxg2 28. h5 Nh4 29. Bf6 Nf3+ 30. Kf1 Nh2+ 31. Ke1 Bf3 32. hxg6 fxg6 33. Rd4
Bg4 34. Rf4 Bf5 35. Bc3 g5 36. Rxf5+ exf5 37. Bxf5 Re8+ 38. Kd1 Kf7 39. a3 Nf3
40. Bg4 Rd8+ 41. Ke2 Nd4+ 42. Ke3 Ne6 43. Bh5+ Ke7 44. Ke4 Nc5+ 45. Ke3 Ke6 46.
f3 Nd7 47. Bg4+ Kd5 48. f4 gxf4+ 49. Kxf4 Kc4 50. Be6+ Kb5 51. Bg4 Nc5 52. Bf5
Kc4 53. Ke3 Kb3 54. Bg6 Na4 55. Bf7+ Kc2 56. Bf6 Rd3+ 57. Ke2 Rd2+ 58. Ke3 Nxb2
59. Bg6+ Kd1 60. Bc3 Nc4+ 61. Ke4 Rg2 62. Bh5+ Kc2 63. Bb4 Rg3 64. Kd4 Nxa3 65.
Be2 Rh3 66. Be7 Nb1 67. Ba6 Nd2 68. Bd6 Rc3 69. Bb8 Nb3+ 70. Kd5 Nc5 71. Bc8 a5
72. Bf5+ Kb3 73. Bc7 Na4 74. Bd8 Rc5+ 75. Ke6 Nb2 76. Be4 Nc4 77. Bf3 a4 78.
Bd1+ Kb4 79. Bh4 Re5+ 80. Kf6 a3 0-1

[Event "Mitropa Cup (Women) 11th"]
[Site "Ruzomberok"]
[Date "2014.05.29"]
[Round "7.2"]
[White "Kolaric, Spela"]
[Black "Osmanodja, Filiz"]
[Result "0-1"]
[WhiteElo "2048"]
[BlackElo "2271"]
[PlyCount "155"]
[EventDate "2014.05.23"]
[EventType "team-tourn"]
[EventRounds "9"]
[EventCountry "SVK"]
[Source "ChessBase"]
[SourceDate "2014.07.01"]
[WhiteTeam "Slovenia (W)"]
[BlackTeam "Germany (W)"]
[WhiteTeamCountry "SLO"]
[BlackTeamCountry "GER"]

1. d4 Nf6 2. c4 e6 3. g3 d5 4. Nf3 Bb4+ 5. Bd2 Be7 6. Bg2 O-O 7. O-O c6 8. Qc2
Nbd7 9. Bf4 a5 10. Rd1 h6 11. Ne5 Nh5 12. Nxd7 Bxd7 13. Bc1 b5 14. b3 f5 15.
Nd2 Rc8 16. Bb2 Nf6 17. Rac1 Ne4 18. Nf3 Nd6 19. Ne5 Bf6 20. Ba3 b4 21. Bb2 Nf7
22. a3 Nxe5 23. dxe5 Be7 24. axb4 Bxb4 25. Qd3 Qb6 26. e3 Rb8 27. Bd4 Qb7 28.
Ra1 Rfd8 29. h3 c5 30. Bc3 Bc6 31. Bxb4 axb4 32. Qc2 dxc4 33. Bxc6 Qxc6 34.
Qxc4 Rd5 35. Rxd5 exd5 36. Qf4 Qe6 37. Rc1 Rc8 38. h4 Kh7 39. h5 Rc6 40. f3 Rc7
41. e4 fxe4 42. fxe4 Rf7 43. exd5 Qxd5 44. Qg4 Qxe5 45. Rd1 Qe3+ 46. Kh2 Rf6
47. Kh3 Qxb3 48. Rd7 Qe6 49. Rxg7+ Kh8 50. Rc7 Qxg4+ 51. Kxg4 Rb6 52. Rxc5 b3
53. Rc1 b2 54. Rb1 Kg7 55. Kf5 Rb5+ 56. Ke6 Rb6+ 57. Ke7 Rb4 58. Ke6 Rb5 59. g4
Rb8 60. Ke7 Rb6 61. Kd7 Kf6 62. Kc7 Rb3 63. Kc6 Kg5 64. Kd5 Kxg4 65. Kc4 Rb8
66. Kc3 Kxh5 67. Kc2 Kg4 68. Rg1+ Kf3 69. Kb1 Rb5 70. Rf1+ Kg2 71. Rd1 h5 72.
Rd2+ Kf3 73. Rd3+ Kg4 74. Rd4+ Kg5 75. Rc4 h4 76. Rd4 Rb3 77. Rd8 h3 78. Rg8+
0-1

[Event "Mitropa Cup 34th"]
[Site "Mayrhofen"]
[Date "2015.06.14"]
[Round "1.1"]
[White "Babula, Vlastimil"]
[Black "Pelletier, Yannick"]
[Result "1/2-1/2"]
[WhiteElo "2552"]
[BlackElo "2563"]
[PlyCount "60"]
[EventDate "2015.06.14"]
[EventType "team"]
[EventRounds "9"]
[EventCountry "AUT"]
[WhiteTeam "Czech Republic"]
[BlackTeam "Switzerland"]
[WhiteTeamCountry "CZE"]
[BlackTeamCountry "SUI"]

1. d4 Nf6 2. c4 e6 3. Nf3 d5 4. Nc3 dxc4 5. e3 a6 6. a4 c5 7. Bxc4 Nc6 8. O-O
Be7 9. dxc5 Qxd1 10. Rxd1 Bxc5 11. Bd2 Ke7 12. Na2 a5 13. Rac1 b6 14. Bb5 Bb7
15. Ne1 Rac8 16. Nd3 Bd6 17. b4 Nxb4 18. Naxb4 axb4 19. Nxb4 Rxc1 20. Rxc1 Rc8
21. Rxc8 Bxc8 22. Nc6+ Kf8 23. a5 bxa5 24. Nxa5 Bd7 25. Bxd7 Nxd7 26. Nc4 Bc7
27. h3 Ne5 28. Nxe5 Bxe5 29. Bb4+ Ke8 30. Kf1 f5 1/2-1/2

[Event "Mitropa Cup 34th"]
[Site "Mayrhofen"]
[Date "2015.06.14"]
[Round "1.2"]
[White "Loetscher, Roland"]
[Black "Kriebel, Tadeas"]
[Result "1-0"]
[WhiteElo "2449"]
[BlackElo "2459"]
[PlyCount "71"]
[EventDate "2015.06.14"]
[EventType "team"]
[EventRounds "9"]
[EventCountry "AUT"]
[WhiteTeam "Switzerland"]
[BlackTeam "Czech Republic"]
[WhiteTeamCountry "SUI"]
[BlackTeamCountry "CZE"]

1. d4 Nf6 2. c4 g6 3. g3 Bg7 4. Bg2 d5 5. cxd5 Nxd5 6. e4 Nb6 7. Ne2 c5 8. d5
O-O 9. O-O e6 10. Nec3 exd5 11. exd5 Na6 12. Na3 Bf5 13. Be3 Qd7 14. Qd2 Bh3
15. Bxh3 Qxh3 16. d6 Rfe8 17. Rad1 Re5 18. f3 Qd7 19. b3 Nb4 20. Bf4 Re6 21.
Nab5 N4d5 22. Nxd5 Nxd5 23. Qxd5 Qxb5 24. d7 Bf6 25. Rfe1 Qc6 26. Qxc6 bxc6 27.
Rxe6 fxe6 28. Bd6 Kf7 29. Bxc5 Be7 30. Kf1 a5 31. Ke2 Bd8 32. Kd3 a4 33. b4 Rb8
34. Kc4 Rb7 35. Rd3 h5 36. f4 1-0

[Event "Mitropa Cup 34th"]
[Site "Mayrhofen"]
[Date "2015.06.14"]
[Round "1.3"]
[White "Kociscak, Jiri"]
[Black "Gallagher, Joseph G"]
[Result "0-1"]
[WhiteElo "2474"]
[BlackElo "2476"]
[PlyCount "94"]
[EventDate "2015.06.14"]
[EventType "team"]
[EventRounds "9"]
[EventCountry "AUT"]
[WhiteTeam "Czech Republic"]
[BlackTeam "Switzerland"]
[WhiteTeamCountry "CZE"]
[BlackTeamCountry "SUI"]

1. d4 Nf6 2. c4 g6 3. Nc3 Bg7 4. e4 d6 5. Be2 O-O 6. g4 c5 7. d5 e6 8. g5 Nfd7
9. h4 exd5 10. cxd5 Qe7 11. Qc2 Na6 12. h5 Rb8 13. Nf3 b5 14. Be3 Nb6 15. Rh4
Nc4 16. Bc1 Nb4 17. Qb3 f5 18. h6 Bh8 19. a3 Na5 20. Qd1 fxe4 21. Nxe4 Na6 22.
Nf6+ Rxf6 23. gxf6 Bxf6 24. Rf4 Bf5 25. a4 Nb4 26. Rxf5 gxf5 27. axb5 Nc4 28.
Qb3 Nb6 29. Kf1 Re8 30. Bd3 c4 31. Qxb4 cxd3 32. Be3 Nxd5 33. Qc4 Qe6 34. Qxd3
f4 35. Rxa7 Nxe3+ 36. fxe3 Qh3+ 37. Ke2 Rxe3+ 38. Qxe3 fxe3 39. b6 Qf5 40. Rb7
d5 41. Rc7 Be5 42. Rc5 Bf4 43. b7 Qg4 44. Rxd5 Qg2+ 45. Kd3 Qxf3 46. Rg5+ Kf7
47. Rf5+ Kg6 0-1

[Event "Mitropa Cup 34th"]
[Site "Mayrhofen"]
[Date "2015.06.14"]
[Round "1.4"]
[White "Sermier, Guillaume"]
[Black "Rojicek, Vojtech"]
[Result "1/2-1/2"]
[WhiteElo "2414"]
[BlackElo "2414"]
[PlyCount "61"]
[EventDate "2015.06.14"]
[EventType "team"]
[EventRounds "9"]
[EventCountry "AUT"]
[WhiteTeam "Switzerland"]
[BlackTeam "Czech Republic"]
[WhiteTeamCountry "SUI"]
[BlackTeamCountry "CZE"]

1. Nf3 d5 2. d4 Nf6 3. e3 Bg4 4. c4 e6 5. Nc3 c6 6. h3 Bxf3 7. Qxf3 Nbd7 8. Bd3
Nb6 9. Qe2 Nxc4 10. Bxc4 dxc4 11. Qxc4 Be7 12. O-O O-O 13. Rd1 Qa5 14. Bd2 Rfd8
15. Ne4 Qd5 16. Nxf6+ Bxf6 17. Qc2 Rac8 18. Bc3 h6 19. e4 Qh5 20. Rd2 c5 21.
dxc5 Rxd2 22. Qxd2 Bxc3 23. Qxc3 Qxc5 24. Qxc5 Rxc5 25. Rd1 Rc2 26. b3 g6 27.
Rd7 Rxa2 28. Rxb7 Rb2 29. Rxa7 Rxb3 30. h4 h5 31. f3 1/2-1/2

[Event "Mitropa Cup 34th"]
[Site "Mayrhofen"]
[Date "2015.06.14"]
[Round "1.1"]
[White "Saric, Ante"]
[Black "Borisek, Jure"]
[Result "1/2-1/2"]
[WhiteElo "2580"]
[BlackElo "2571"]
[PlyCount "93"]
[EventDate "2015.06.14"]
[EventType "team"]
[EventRounds "9"]
[EventCountry "AUT"]
[WhiteTeam "Croatia"]
[BlackTeam "Slovenia"]
[WhiteTeamCountry "CRO"]
[BlackTeamCountry "SLO"]

1. d4 Nf6 2. c4 e6 3. Nf3 d5 4. Nc3 c5 5. cxd5 cxd4 6. Qxd4 exd5 7. e4 Nc6 8.
Bb5 dxe4 9. Qxd8+ Kxd8 10. Ng5 Be6 11. Bd2 Bb4 12. Bxc6 bxc6 13. Nxe6+ fxe6 14.
Nxe4 Rb8 15. O-O-O Ke7 16. Rhe1 Nxe4 17. Rxe4 Bxd2+ 18. Rxd2 Rhd8 19. Rc2 Rb6
20. Rh4 h6 21. Rg4 g5 22. Ra4 a6 23. Rac4 Rd6 24. R2c3 Kd7 25. Rh3 e5 26. Rf3
Rb5 27. Rf7+ Ke6 28. Rh7 Kd5 29. Rc2 Rc5 30. Rf7 Rxc2+ 31. Kxc2 Kd4 32. Kd2 c5
33. Rb7 c4 34. Rb8 Kc5+ 35. Ke3 Rd3+ 36. Ke2 Rd6 37. Rc8+ Kd4 38. Kd2 g4 39.
Ke2 Rb6 40. Rd8+ Ke4 41. Rd2 h5 42. Kd1 h4 43. Re2+ Kd4 44. Kc2 h3 45. Rd2+ Ke4
46. Re2+ Kd4 47. Rd2+ 1/2-1/2

[Event "Mitropa Cup 34th"]
[Site "Mayrhofen"]
[Date "2015.06.14"]
[Round "1.2"]
[White "Sebenik, Matej"]
[Black "Bosiocic, Marin"]
[Result "1-0"]
[WhiteElo "2512"]
[BlackElo "2558"]
[PlyCount "83"]
[EventDate "2015.06.14"]
[EventType "team"]
[EventRounds "9"]
[EventCountry "AUT"]
[WhiteTeam "Slovenia"]
[BlackTeam "Croatia"]
[WhiteTeamCountry "SLO"]
[BlackTeamCountry "CRO"]

1. d4 d5 2. c4 e6 3. Nf3 c6 4. g3 dxc4 5. Bg2 b5 6. O-O Bb7 7. a4 a6 8. Ne5 Qc8
9. b3 cxb3 10. Qxb3 b4 11. a5 Nf6 12. Nd2 c5 13. Bxb7 Qxb7 14. Bb2 Nbd7 15.
Nxd7 Nxd7 16. Rfc1 Qd5 17. e4 Qxb3 18. Nxb3 cxd4 19. Bxd4 e5 20. Be3 Nf6 21. f3
Bd6 22. Rc6 Kd7 23. Rb6 Rhb8 24. Rd1 Rxb6 25. axb6 Rb8 26. Nc5+ Kc6 27. Nxa6
Rb7 28. Rc1+ Kb5 29. Nc7+ Ka4 30. Ra1+ Kb3 31. Ra7 Rb8 32. Nb5 Ne8 33. Rd7 Kc2
34. Nxd6 Nxd6 35. Rxd6 b3 36. Rc6+ Kb1 37. Bc1 Rb7 38. Kf2 Rd7 39. Rc3 Ka2 40.
Rc7 Rd6 41. b7 Rb6 42. Rxf7 1-0

[Event "Mitropa Cup 34th"]
[Site "Mayrhofen"]
[Date "2015.06.14"]
[Round "1.3"]
[White "Jovanovic, Zoran"]
[Black "Markoja, Boris"]
[Result "1-0"]
[WhiteElo "2520"]
[BlackElo "2372"]
[PlyCount "67"]
[EventDate "2015.06.14"]
[EventType "team"]
[EventRounds "9"]
[EventCountry "AUT"]
[WhiteTeam "Croatia"]
[BlackTeam "Slovenia"]
[WhiteTeamCountry "CRO"]
[BlackTeamCountry "SLO"]

1. e4 e6 2. d4 d5 3. Nc3 Nf6 4. Bg5 Bb4 5. Nge2 dxe4 6. a3 Be7 7. g3 Nc6 8. Bg2
O-O 9. O-O h6 10. Be3 Nd5 11. Bxe4 Nxe3 12. fxe3 e5 13. Qd3 Bh3 14. Rf2 Bg5 15.
Rd1 Qd7 16. Bg2 Bg4 17. Ne4 Be7 18. d5 Nd8 19. Qc4 b5 20. Qc3 Bd6 21. Rdf1 Qe7
22. h3 Bxe2 23. Rxe2 f5 24. Ref2 g6 25. g4 Qd7 26. gxf5 gxf5 27. Nxd6 cxd6 28.
Be4 Rc8 29. Qd2 f4 30. exf4 Rc4 31. Qe3 exf4 32. Rxf4 Rxf4 33. Rxf4 Nf7 34. b3
1-0

[Event "Mitropa Cup 34th"]
[Site "Mayrhofen"]
[Date "2015.06.14"]
[Round "1.4"]
[White "Spalir, Jernej"]
[Black "Srbis, Jurica"]
[Result "1/2-1/2"]
[WhiteElo "2361"]
[BlackElo "2401"]
[PlyCount "115"]
[EventDate "2015.06.14"]
[EventType "team"]
[EventRounds "9"]
[EventCountry "AUT"]
[WhiteTeam "Slovenia"]
[BlackTeam "Croatia"]
[WhiteTeamCountry "SLO"]
[BlackTeamCountry "CRO"]

1. d4 Nf6 2. c4 e6 3. Nf3 Bb4+ 4. Bd2 c5 5. Bxb4 cxb4 6. g3 O-O 7. Bg2 d6 8.
O-O a5 9. a3 Na6 10. axb4 Nxb4 11. Nc3 b6 12. Ne1 d5 13. cxd5 Nfxd5 14. Nxd5
Nxd5 15. Nd3 Ba6 16. Qb3 Rc8 17. Rfc1 Qd6 18. Bxd5 exd5 19. Nf4 Rc4 20. Rxc4
dxc4 21. Qc3 Re8 22. h4 g6 23. Re1 Rd8 24. d5 Qb4 25. Qc1 Rc8 26. Rd1 Qd6 27.
Qc3 Re8 28. Re1 Qe5 29. Qxe5 Rxe5 30. d6 Kf8 31. Rd1 Ke8 32. Nd5 Kd8 33. Kf1 c3
34. Nxc3 Kd7 35. Rd2 Bb7 36. f4 Rc5 37. e4 f6 38. Kf2 b5 39. g4 h6 40. Ke3 Bc6
41. Ne2 Rc4 42. Nd4 Kxd6 43. Nxb5+ Ke7 44. Nd4 Bd7 45. f5 gxf5 46. Nxf5+ Bxf5
47. gxf5 Rb4 48. Rg2 Rb3+ 49. Kf4 h5 50. Rg7+ Kf8 51. Ra7 Rxb2 52. Rxa5 Rb3 53.
Ra8+ Kf7 54. Rh8 Kg7 55. Ra8 Rh3 56. Ra7+ Kh6 57. Rf7 Rf3+ 58. Kxf3 1/2-1/2

[Event "Mitropa Cup 34th"]
[Site "Mayrhofen"]
[Date "2015.06.14"]
[Round "1.1"]
[White "Bailet, Pierre"]
[Black "Ragger, Markus"]
[Result "1/2-1/2"]
[WhiteElo "2518"]
[BlackElo "2676"]
[PlyCount "104"]
[EventDate "2015.06.14"]
[EventType "team"]
[EventRounds "9"]
[EventCountry "AUT"]
[WhiteTeam "France"]
[BlackTeam "Austria"]
[WhiteTeamCountry "FRA"]
[BlackTeamCountry "AUT"]

1. e4 c5 2. Nf3 d6 3. d4 cxd4 4. Nxd4 Nf6 5. Nc3 a6 6. h3 e5 7. Nde2 b5 8. g4
b4 9. Nd5 Nxd5 10. Qxd5 Ra7 11. Be3 Be6 12. Qd3 Rb7 13. Bg2 Be7 14. O-O O-O 15.
f4 Qc8 16. f5 Bc4 17. Qd2 Nd7 18. g5 Bd8 19. Rf2 Bb6 20. Bxb6 Nxb6 21. Ng3 Qc5
22. b3 Bb5 23. Rd1 Rd8 24. Bf1 Rbd7 25. a3 a5 26. axb4 axb4 27. Bxb5 Qxb5 28.
g6 f6 29. gxh7+ Kxh7 30. Kh2 d5 31. Qe3 Rc7 32. Rg2 d4 33. Qd2 Rdc8 34. Rdg1
Rxc2 35. Qxc2 Rxc2 36. Rxc2 Qe8 37. Rcg2 Kg8 38. Ne2 Qf7 39. Nc1 Nc8 40. Rxg7+
Qxg7 41. Rxg7+ Kxg7 42. Kg3 Nd6 43. Kf3 Nb7 44. Nd3 Na5 45. Nc5 Kf7 46. h4 Kg7
47. Kg3 Kh6 48. Kg4 Kg7 49. Kg3 Kh7 50. Kf3 Kh6 51. Kg4 Kh7 52. Kf3 Kh6 1/2-1/2

[Event "Mitropa Cup 34th"]
[Site "Mayrhofen"]
[Date "2015.06.14"]
[Round "1.2"]
[White "Shengelia, David"]
[Black "Dourerassou, Jonathan"]
[Result "1-0"]
[WhiteElo "2573"]
[BlackElo "2415"]
[PlyCount "47"]
[EventDate "2015.06.14"]
[EventType "team"]
[EventRounds "9"]
[EventCountry "AUT"]
[WhiteTeam "Austria"]
[BlackTeam "France"]
[WhiteTeamCountry "AUT"]
[BlackTeamCountry "FRA"]

1. d4 Nf6 2. c4 g6 3. Nf3 Bg7 4. g3 O-O 5. Bg2 c5 6. Nc3 d5 7. dxc5 Qa5 8. cxd5
Ne4 9. O-O Nxc3 10. bxc3 Qxc3 11. Rb1 Qxc5 12. Qb3 Rd8 13. Ba3 Qc7 14. Rfc1 Qd7
15. Ng5 Qe8 16. d6 Nc6 17. Rxc6 bxc6 18. dxe7 Rd5 19. Bxd5 cxd5 20. Qxd5 Bd7
21. Nxf7 Bc6 22. Qc4 Qxf7 23. Qxc6 Re8 24. Rb3 1-0

[Event "Mitropa Cup 34th"]
[Site "Mayrhofen"]
[Date "2015.06.14"]
[Round "1.3"]
[White "Barbot, Pierre"]
[Black "Kreisl, Robert"]
[Result "0-1"]
[WhiteElo "2463"]
[BlackElo "2441"]
[PlyCount "100"]
[EventDate "2015.06.14"]
[EventType "team"]
[EventRounds "9"]
[EventCountry "AUT"]
[WhiteTeam "France"]
[BlackTeam "Austria"]
[WhiteTeamCountry "FRA"]
[BlackTeamCountry "AUT"]

1. d4 Nf6 2. c4 g6 3. Nc3 d5 4. cxd5 Nxd5 5. e4 Nxc3 6. bxc3 Bg7 7. Be3 c5 8.
Qd2 Qa5 9. Rc1 cxd4 10. cxd4 Qxd2+ 11. Bxd2 O-O 12. Nf3 Bg4 13. Be3 Rd8 14. d5
Nd7 15. Nd4 Nb6 16. f3 Bd7 17. Kf2 Rac8 18. Be2 Na4 19. Rb1 f5 20. g3 fxe4 21.
Rxb7 exf3 22. Bxf3 Nc5 23. Rxa7 Nd3+ 24. Ke2 Ne5 25. Nc6 Nxc6 26. Rxd7 Nd4+ 27.
Bxd4 Rxd7 28. Bg4 Rc2+ 29. Kd3 Rdc7 30. Be6+ Kh8 31. Bxg7+ Kxg7 32. Rf1 g5 33.
h4 R2c3+ 34. Kd2 Rc2+ 35. Kd3 R2c3+ 36. Kd2 h5 37. hxg5 Kg6 38. Rf7 Rc2+ 39.
Kd3 R2c3+ 40. Kd2 Rc2+ 41. Kd3 R7c3+ 42. Kd4 Rc4+ 43. Ke3 R2c3+ 44. Kd2 Rxg3
45. Rxe7 Ra4 46. d6 Rd4+ 47. Ke2 Rxd6 48. Bb3 h4 49. Re6+ Rxe6+ 50. Bxe6 h3 0-1

[Event "Mitropa Cup 34th"]
[Site "Mayrhofen"]
[Date "2015.06.14"]
[Round "1.4"]
[White "Schachinger, Mario"]
[Black "Di Nicolantonio, Lucas"]
[Result "0-1"]
[WhiteElo "2416"]
[BlackElo "2417"]
[PlyCount "138"]
[EventDate "2015.06.14"]
[EventType "team"]
[EventRounds "9"]
[EventCountry "AUT"]
[WhiteTeam "Austria"]
[BlackTeam "France"]
[WhiteTeamCountry "AUT"]
[BlackTeamCountry "FRA"]

1. d4 d5 2. c4 e6 3. Nc3 c6 4. e3 Nd7 5. Nf3 Ngf6 6. Qc2 Bd6 7. Bd3 O-O 8. O-O
dxc4 9. Bxc4 Qe7 10. h3 e5 11. Bb3 Bc7 12. Bd2 h6 13. Nh4 Rd8 14. Nf5 Qf8 15.
Rad1 exd4 16. exd4 Nb6 17. Rfe1 Bxf5 18. Qxf5 Nbd5 19. Nxd5 Nxd5 20. Re4 Qd6
21. g3 Qd7 22. Qf3 Re8 23. Rde1 Rxe4 24. Rxe4 Rd8 25. Kg2 Bd6 26. a3 Bf8 27.
Bf4 Bd6 28. Be5 Re8 29. Bc2 Bxe5 30. dxe5 f6 31. exf6 Nxf6 32. Rxe8+ Qxe8 33.
Qd3 Qe7 34. Bb3+ Kf8 35. h4 Qe4+ 36. Qxe4 Nxe4 37. Bc2 Nd2 38. b3 c5 39. f4 c4
40. bxc4 Nxc4 41. Be4 b5 42. Kf2 Nxa3 43. Ke3 b4 44. Kd4 a5 45. Bd3 h5 46. Bg6
Nb5+ 47. Kc4 Nd6+ 48. Kb3 Ke7 49. Ka4 Kf6 50. Bxh5 Ne4 51. g4 Nc3+ 52. Kb3 g6
53. g5+ Kf5 54. Bf3 Kxf4 55. Bc6 Kg4 56. Be8 Kxh4 57. Bxg6 Kxg5 58. Bc2 Kf4 59.
Kc4 Ke3 60. Bg6 Ne4 61. Bh7 Nd2+ 62. Kb5 b3 63. Bg8 b2 64. Ba2 Ne4 65. Kc4 Kd2
66. Bb1 Nd6+ 67. Kb3 Kc1 68. Ka2 Nb5 69. Bd3 Nd4 0-1

[Event "Mitropa Cup 34th"]
[Site "Mayrhofen"]
[Date "2015.06.14"]
[Round "1.1"]
[White "Michalik, Peter"]
[Black "Havasi, Gergo"]
[Result "1-0"]
[WhiteElo "2546"]
[BlackElo "2355"]
[PlyCount "65"]
[EventDate "2015.06.14"]
[EventType "team"]
[EventRounds "9"]
[EventCountry "AUT"]
[WhiteTeam "Slovakia"]
[BlackTeam "Hungary"]
[WhiteTeamCountry "SVK"]
[BlackTeamCountry "HUN"]

1. d4 d5 2. c4 c6 3. Nf3 Nf6 4. e3 Bg4 5. h3 Bh5 6. Nc3 e6 7. Qb3 Qb6 8. Ne5
Nfd7 9. Nd3 Be7 10. Nf4 Bg6 11. Nxg6 hxg6 12. Bd2 Na6 13. Qa4 dxc4 14. Bxc4 Nb4
15. O-O Nf6 16. a3 Na6 17. Ne2 Bd8 18. Rfc1 Nb8 19. Bb4 Nbd7 20. Nf4 g5 21. Nd3
g4 22. Qb3 Nd5 23. hxg4 N7f6 24. g5 Ne4 25. g6 Bc7 26. gxf7+ Kxf7 27. Qd1 Bh2+
28. Kf1 Ng3+ 29. Ke1 Rh5 30. fxg3 Bxg3+ 31. Kd2 Nf6 32. Qf3 Rf5 33. Qxf5 1-0

[Event "Mitropa Cup 34th"]
[Site "Mayrhofen"]
[Date "2015.06.14"]
[Round "1.2"]
[White "Kantor, Gergely"]
[Black "Jurcik, Marian"]
[Result "1/2-1/2"]
[WhiteElo "2416"]
[BlackElo "2487"]
[PlyCount "60"]
[EventDate "2015.06.14"]
[EventType "team"]
[EventRounds "9"]
[EventCountry "AUT"]
[WhiteTeam "Hungary"]
[BlackTeam "Slovakia"]
[WhiteTeamCountry "HUN"]
[BlackTeamCountry "SVK"]

1. d4 Nf6 2. c4 g6 3. g3 c5 4. Nf3 Bg7 5. Bg2 cxd4 6. Nxd4 Nc6 7. Nc3 O-O 8.
O-O Ng4 9. e3 d6 10. b3 Nxd4 11. exd4 Nh6 12. Bxh6 Bxh6 13. Re1 Bg7 14. Rc1 Rb8
15. b4 Bd7 16. c5 e6 17. a4 a6 18. Ne4 d5 19. Nc3 Qf6 20. Ne2 Rfc8 21. Qb3 Qd8
22. b5 axb5 23. axb5 Ra8 24. Red1 Ra5 25. Nc3 Rca8 26. Qb4 Bf8 27. Qb1 Ra3 28.
Qb2 Qa5 29. Bf1 Bg7 30. h4 Bf6 1/2-1/2

[Event "Mitropa Cup 34th"]
[Site "Mayrhofen"]
[Date "2015.06.14"]
[Round "1.3"]
[White "Repka, Christopher"]
[Black "Korpa, Bence"]
[Result "1/2-1/2"]
[WhiteElo "2414"]
[BlackElo "2432"]
[PlyCount "60"]
[EventDate "2015.06.14"]
[EventType "team"]
[EventRounds "9"]
[EventCountry "AUT"]
[WhiteTeam "Slovakia"]
[BlackTeam "Hungary"]
[WhiteTeamCountry "SVK"]
[BlackTeamCountry "HUN"]

1. d4 Nf6 2. Nf3 e6 3. c4 d5 4. Nc3 c5 5. e3 dxc4 6. Bxc4 a6 7. O-O b5 8. Be2
Bb7 9. dxc5 Qxd1 10. Rxd1 Bxc5 11. Ne5 Nbd7 12. Nd3 Be7 13. b4 Rc8 14. Bb2 Nb6
15. a4 bxa4 16. Nxa4 Nxa4 17. Rxa4 O-O 18. Nc5 Bxc5 19. bxc5 Rxc5 20. Bxa6 Bxa6
21. Rxa6 Rd5 22. Rxd5 Nxd5 23. g3 Rc8 24. e4 Nf6 25. Bxf6 gxf6 26. Kg2 Kg7 27.
Ra7 Rc3 28. h4 h5 29. Ra5 Kg6 30. Rb5 Rd3 1/2-1/2